Leaders of Russia Since 1900 - Statistics

General Stats
  • This quiz has been taken 90 times
  • The average score is 12 of 31
Answer Stats
Answer % Correct
Joseph Stalin
100%
Vladimir Lenin
100%
Vladimir Putin
97%
Mikhail Gorbachev
91%
Nicholas II
84%
Nikita Khrushchev
84%
Boris Yeltsin
81%
Leonid Brezhnev
70%
Dmitry Medvedev
64%
Yuri Andropov
53%
Konstantin Chernenko
46%
Alexander Kerensky
40%
Georgy Malenkov
37%
Lavrentiy Beria
37%
Vyacheslav Molotov
29%
Mikhail Kalinin
23%
Georgy Lvov
20%
Lev Kamenev
20%
Grigory Zinoviev
17%
Andrei Gromyko
16%
Alexei Kosygin
14%
Yakov Sverdlov
13%
Dmitry Ustinov
10%
Viktor Chernomyrdin
10%
Anastas Mikoyan
9%
Kliment Voroshilov
9%
Mikhail Vladimirsky
9%
Nikolai Podgorny
9%
Nikolai Shvernik
9%
Alexander Rutskoy
7%
Vasily Kuznetsov
7%
No matching quizzes found
Score Distribution
Percent of People with Each Score
Percentile by Number Answered
Your Score History
You have not taken this quiz